Dolor orofacial y desordenes de la articulación temporomandibular (Registro nro. 2861)

Detalles MARC
000 -Cabecera
Campo de control de longitud fija 00843aam a2200301 4500
005 - Fecha y hora de la última transacción
Campo de control 20251112170136.0
008 - Elementos de longitud fija--Información general
Campo de control de longitud fija 150615b xxu||||| |||| 00| 0 spa d
020 ## - International Standard Book Number
Número Internacional Estándar del Libro (ISBN) 9682474647
041 ## - Idioma
Código de idioma Español
082 ## - Clasificación Decimal Dewey
Número de clasificación 616.31 A581d
100 ## - Entrada principal--Autor personal
Nombre personal Ángeles Medina, Fernando
9 (RLIN) 12606
100 ## - Entrada principal--Autor personal
Nombre personal Romero Reyes, Marcela
9 (RLIN) 12637
245 ## - Título propiamente dicho
Título Dolor orofacial y desordenes de la articulación temporomandibular
260 ## - Pie de imprenta
Lugar de publicación, distribución, etc. México
260 ## - Pie de imprenta
Nombre del editor, distribuidor, etc. Trillas
260 ## - Pie de imprenta
Fecha de publicación, distribución, etc. 2006
300 ## - Descripción física
Extensión 200 páginas
300 ## - Descripción física
Otras características físicas Ilustraciones a blanco y negro
490 ## - Serie
Título de la Serie Mecánica Dental
650 ## - Materia general
Temática (materia general) ENFERMEDADES DE LA BOCA
650 ## - Materia general
Temática (materia general) ARTICULACIÓN TEMPOROMANDIBULAR
650 ## - Materia general
Temática (materia general) ANATOMÍA DENTAL
650 ## - Materia general
Temática (materia general) OCLUSIÓN
650 ## - Materia general
Temática (materia general) FÉRULAS OCLUSALES
650 ## - Materia general
Temática (materia general) PATOLOGÍA DE LA ATM
650 ## - Materia general
Temática (materia general) DOLOR MIOFASCIAL
942 ## - Punto de acceso adicional KOHA
Tipo de ítem KOHA Libro
Fuente del sistema de clasificación o colocación Dewey Decimal Classification
Existencias
Signatura completa Código de barras Programa Académico Tipo de ítem
616.31 A581d 16230 Mecánica Dental Libro
616.31 A581d 16231 Mecánica Dental Libro